| 000 | 01222nam a2200301 a 4500 | ||
|---|---|---|---|
| 001 | 000018805 | ||
| 003 | DO-SdBNP | ||
| 005 | 20180213131916.0 | ||
| 007 | 000018805 | ||
| 008 | 100519s2010 dr ac 001 pbspa d | ||
| 020 | _a9789993431336 | ||
| 040 |
_aBPMSU _bspa _cBPMSU |
||
| 049 | _a | ||
| 082 |
_aRD861.44 _bG261f |
||
| 245 | 0 | 0 |
_aFreddy Gatón Arce : _btrayectoria y obra. |
| 260 |
_aSanto Domingo : _bBiblioteca Nacional Pedro Henríquez Ureña, _c2010. |
||
| 300 |
_a48 p. : _bil., retrs. ; _c22 cm. |
||
| 504 | _aIncluye bibliografía y notas al pie de páginas. | ||
| 504 | _aBibliografía : p. 47-48. | ||
| 505 | 0 |
_tFreddy Gatón Arce, trayectoria y obra -- _tUn momento en el pensamiento creador de Gatón Arce (Vlía) -- _tVlía poema para la quinta hoja de un trébol cualquiera -- _tAlgunas opiniones sobre Gatón Arce -- _gBibliografía pasiva -- _gBibliografía -- _gFuentes a consultar en la web. |
|
| 600 | 1 | 4 |
_aGATÓN ARCE, FREDDY, _d1920-1994 _xCRÍTICA E INTERPRETACIÓN |
| 650 | 4 | _aPOESÍA DOMINICANA | |
| 650 | 4 | _aLITERATURA DOMINICANA | |
| 910 | _aValidado. Control de calidad EMS | ||
| 942 |
_2ddc _cBK |
||
| 945 | _a Inventariado / 2017 VM | ||
| 956 |
_aVMATEO _b10 _c20120719 _lBPMSU _h0069 |
||
| 999 |
_c7337 _d7337 |
||